000
00304nam a2200121Ia 4500
008
150201s2007 xx 000 0 und d
082
_a
618.1
_b
G07D
100
_a
DAFTARY,SN
245
_a
100+ CLINICAL CASES GYNAECOLOGY
260
_b
AITBS
_a
DELHI
_c
2007
650
_a
OBST & GYNAECOLOGY
942
_2
ddc
_c
BK
_0
2
999
_c
766
_d
766